Comprendre l'histoire de la philosophie (notice n° 1567498)
[ vue normale ]
| 000 -LEADER | |
|---|---|
| fixed length control field | 01559cam a2200133 4500500 |
| 005 - DATE AND TIME OF LATEST TRANSACTION | |
| control field | 20251214002817.0 |
| 041 ## - LANGUAGE CODE | |
| Language code of text/sound track or separate title | fre |
| 042 ## - AUTHENTICATION CODE | |
| Authentication code | dc |
| 100 10 - MAIN ENTRY--PERSONAL NAME | |
| Personal name | Giolito, Christophe |
| Relator term | author |
| 245 00 - TITLE STATEMENT | |
| Title | Comprendre l'histoire de la philosophie |
| 260 ## - PUBLICATION, DISTRIBUTION, ETC. | |
| Name of publisher, distributor, etc. | Armand Colin,<br/> |
| Date of publication, distribution, etc. | 2008.<br/> |
| 520 ## - SUMMARY, ETC. | |
| Summary, etc. | On ne pratique pas l’histoire de la philosophie sans mobiliser plus ou moins consciemment un certain point de vue sur la philosophie, et toute histoire de la philosophie vient en retour conforter les conceptions dont elle est issue. D’où l’importance pour tout étudiant ou praticien de la philosophie de se mettre au clair avec les conceptions de l’histoire de la discipline. En explicitant les notions fondatrices de méthode, de philosophie de l’histoire, d’herméneutique, de relativisme, de lecture philosophique, cet ouvrage voudrait contribuer à l’élaboration d’une réflexion sur les manières d’historiciser la philosophie. Ce livre se veut, à cette fin, à la fois une référence et un outil. Il présente les diverses conceptions répertoriées de l’histoire de la philosophie, analyse les difficultés qu’elle rencontre et les distinctions par lesquelles elle cherche à les surmonter, et rend accessibles les acquis de la recherche historiographique. Il aidera tout un chacun à se situer en philosophie et à enrichir la pratique de l’histoire de la discipline qu’il entend s’approprier. |
| 856 41 - ELECTRONIC LOCATION AND ACCESS | |
| Uniform Resource Identifier | <a href="https://shs.cairn.info/comprendre-l-histoire-de-la-philosophie--9782200266738?lang=fr&redirect-ssocas=7080">https://shs.cairn.info/comprendre-l-histoire-de-la-philosophie--9782200266738?lang=fr&redirect-ssocas=7080</a> |
Pas d'exemplaire disponible.




Réseaux sociaux